Lyrics - Stronger Than Me - Amy Winehouse - Statistics

General Stats
  • This quiz has been taken 223 times
  • The average score is 195 of 252
Answer Stats
Answer % Correct
me
100%
stronger
100%
than
100%
You
100%
you
100%
"You
100%
be
99%
should
99%
a
97%
I
97%
He
94%
longer
94%
man?
94%
man
94%
the
94%
"The
94%
to
94%
do
93%
do,
93%
years
92%
Don't
91%
don't
91%
seven
91%
been
90%
here
90%
know
89%
think
88%
always
87%
Always
87%
who
87%
am
86%
have
85%
my
85%
supposed
85%
when
85%
talk
83%
comfort
81%
in
81%
I'm
80%
it
80%
what
79%
for
78%
through,
78%
are
77%
care
77%
wanna
77%
your
77%
and
76%
gay?
76%
lady
76%
lady,
76%
love
76%
need
76%
there
75%
all
73%
All
73%
comparison
72%
ladyboy
72%
That's
71%
that's
71%
But
70%
Feel
70%
like
70%
hair
68%
forgotten
67%
is
67%
is,
67%
I've
65%
Not
65%
not
65%
of
65%
stroke
63%
young
62%
'Cause
60%
day
60%
every
60%
why
60%
you're
60%
joy
58%
okay
58%
pale
57%
so
57%
frozen
56%
love's
56%
turkey
56%
put
55%
control?
54%
grip
54%
said
54%
his
51%
live
51%
mine
51%
over
50%
get
49%
body
48%
just
48%
tell
48%
up
48%
role
47%
mother
46%
gonna
44%
meet
43%
anytime
42%
crime
42%
from
41%
if
41%
some
40%
other
39%
script"
39%
Please
36%
reading
36%
as
35%
made
35%
says,
35%
Why'd
35%
Sound
34%
learn"
33%
respect
33%
had
31%
lessons
31%
many
31%
tired
31%
instead
30%
earn
25%
Thought
22%
No matching quizzes found
Score Distribution
Percent of People with Each Score
Percentile by Number Answered
Your Score History
You have not taken this quiz